|
|
|
|
| LEADER |
00000naa2a2200000 4500 |
| 001 |
162228 |
| 005 |
20231031160259.0 |
| 035 |
|
|
|a (RuTPU)RU\TPU\book\175939
|
| 090 |
|
|
|a 162228
|
| 100 |
|
|
|a 20090618d2008 k y0rusy50 ca
|
| 101 |
0 |
|
|a rus
|
| 102 |
|
|
|a RU
|
| 200 |
1 |
|
|a Газоочистные сооружения "ЮФЗ"
|f Д. А. Эйснер, В. И. Литовкин
|g науч. рук. М. А. Платонов
|
| 463 |
|
0 |
|0 (RuTPU)RU\TPU\book\164855
|t Труды XII региональной научно-практической конференции студентов и учащейся молодежи "Прогрессивные технологии и экономика в машиностроении"
|o [сборник]
|f Томский политехнический университет (ТПУ), Юргинский технологический институт (ЮТИ)
|v С. 13-14
|d 2008
|p 225 с.
|
| 610 |
1 |
|
|a очистные сооружения
|
| 610 |
1 |
|
|a газоочистные сооружения
|
| 610 |
1 |
|
|a ферросилизация
|
| 610 |
1 |
|
|a фильтры
|
| 610 |
1 |
|
|a атмосферный воздух
|
| 610 |
1 |
|
|a очистка
|
| 610 |
1 |
|
|a загрязнение
|
| 610 |
1 |
|
|a феросплавные печи
|
| 610 |
1 |
|
|a труды учёных ТПУ
|
| 700 |
|
1 |
|a Эйснер
|b Д. А.
|
| 701 |
|
1 |
|a Литовкин
|b В. И.
|
| 702 |
|
1 |
|a Платонов
|b М. А.
|4 727
|
| 801 |
|
1 |
|a RU
|b 63413507
|c 20090618
|g PSBO
|
| 942 |
|
|
|c BK
|